Impact of RSPO on plantations and development of a gender-based policy : (Registro nro. 26579)

Detalles MARC
000 -ENCABEZADO
Número de control [NR] 02518nam a22003377i 4500
001 - NÚMERO DE CONTROL
control field B-12607
003 - IDENTIFICADOR DE CONTROL NÚMERO
control field CO-BoFNCP
007 - CAMPO DESCRIPCIÓN FÍSICA FIJA - INFORMACIÓN GENERAL
fixed length control field t||
008 - DE LONGITUD FIJA DE DATOS DE ELEMENTOS - INFORMACIÓN GENERAL
Elementos de longitud fija [NR] 090929s2008 my r eng d
040 ## - FUENTE DE CATALOGACION [NR]
Agencia de catalogación original [NR] CO-BoFNCP
Idioma de catalogación [NR] Español
Quien Cataloga CO-BoFNCP
Convenciones de la descripción [NR] rda
041 ## - CODIGO DE IDIOMA [R]
Código de idioma para texto/pista de sonido o título separado [R] Inglés
043 ## - CODIGO DE AREA GEOGRAFICA [NR]
Código de área geográfica [R] my
084 ## - OTRO NUMERO DE CLASIFICACION [R]
Número clasificador [R] A-
100 0# - ASIENTO PRINCIPAL--NOMBRE PERSONAL [NR]
Nombre personal [NR] Syed Mahdhar Syed Hussain
ID Autoridad 41382,
Término relacionador [R] autor.
Relator code aut
245 10 - MENCION DE TITULO [NR]
Título [NR] Impact of RSPO on plantations and development of a gender-based policy :
Parte restante del título [NR] Sime darby plantation's experience.
264 #4 - PRODUCCIÓN, PUBLICACIÓN, DISTRIBUCIÓN, FABRICACIÓN Y COPYRIGHT
Fecha de producción, publicación, distribución, fabricación o copyright ©2008
300 ## - DESCRIPCION FISICA [R]
Extensión [R] páginas 371-383 :
Otros detalles físicos [NR] Tablas, gráficos.
336 ## - TIPO DE CONTENIDO
Término de tipo de contenido texto
Código de tipo de contenido txt
Fuente rdacontent
337 ## - TIPO DE MEDIO
Nombre/término del tipo de medio sin mediación
Código del tipo de medio n
Fuente rdamedia
338 ## - TIPO DE SOPORTE
Nombre/término del tipo de soporte volumen
Código del tipo de soporte nc
Fuente rdacarrier
504 ## - NOTA DE BIBLIOGRAFIA, ETC. [R]
Nota de bibliografía, etc. [NR] Incluye referencias bibliográficas.
520 ## - NOTA DE RESUMEN, ETC. [R]
Nota de sumario, etc. [NR] Independent baseline assessments carried out by Wild Asia between 2005-7 against the Principles and Criteria (PC) of the Roundtable on Sustainable Palm Oil (RSPO) showed that the company had difficulties complying with the specific requirements of Principle 6, despite having Group-level policies and grievance procedures in place. Criterion 6.9, in particular, requires that a policy to prevent sexual harassment and violence against women and to protect their reproductive rights be developed in consultation with employees and other relevant stakeholders, and that there is a committee to address women's concerns in plantations. To comply with Criterion 6.9, Sime Darby Plantation is collaborating with social organisation Tenaganita, whose expertise in dealing with women and migrant issues would assist the company in developing a gender-based policy and its supporting grievance procedures. Three hundred women plantation workers from the company's operating units were consulted and the issues and concerns raised during the consultative workshops formed the basis on which the Framework of the Gender-based Policy was developed, where the company shall endeavour to comply with ratified international laws over and above local regulations. This paper aims to share the company's experience in implementing the RSPO PC and the impact it has had on the plantations, focusing in more detail on the development of the Gender-based Policy.
650 #0 - ASIENTO SECUNDARIO DE MATERIA - TERMINO TEMATICO [R]
Término temático o nombre geográfico como elemento de entrada [NR] Políticas de desarrollo de género
9 (RLIN) 34727.
650 #0 - ASIENTO SECUNDARIO DE MATERIA - TERMINO TEMATICO [R]
Término temático o nombre geográfico como elemento de entrada [NR] Principios y criterios
9 (RLIN) 34835.
650 #0 - ASIENTO SECUNDARIO DE MATERIA - TERMINO TEMATICO [R]
Término temático o nombre geográfico como elemento de entrada [NR] RSPO
9 (RLIN) 35504.
700 0# - ASIENTO SECUNDARIO - NOMBRE PERSONAL [R]
Nombre personal [NR] Intan Shafinaz Mohd Suhaimi
9 (RLIN) 41383.
773 0# - ASIENTO DEL ITEM FUENTE [R]
Asiento principal [NR] The Planter (Malasia)
Información sobre la relación [R] v. 84, no. 987 (2008), p.371-383
Número de control del registro [R] A-
Número Internacional Normalizado para Publicaciones Seriadas - ISSN [NR] 0126-575x
942 ## - ELEMENTOS DE ENTRADA AGREGADOS (KOHA)
Sistema de clasificación Local
Tipo de ítem principal el descrito en 300a Artículo
999 ## - NÚMEROS DE SISTEMAS DE CONTROL (KOHA)
Koha biblionumber 26579
999 ## - NÚMEROS DE SISTEMAS DE CONTROL (KOHA)
Registro cosechable Si
Existencias
Estado de retiro (OPAC) Perdido Sistema de clasificación Dañado No prestable Ubicación habitual Ubicación actual Fecha de creación Total préstamos Signatura topográfica Código de barras Última vez visto Ejemplar Price effective from Tipo de ítem
    Local     1 - CID Palmero Bogotá 1 - CID Palmero Bogotá 10/21/2013   A- R-12607 10/21/2013 Ej. 1 10/21/2013 Artículo